| 000 | 00661nam a2200193 i 4500 | ||
|---|---|---|---|
| 001 | 44795 | ||
| 003 | ES-MaACL | ||
| 007 | t| | ||
| 008 | 030324s1980 sp ||||1| spa d | ||
| 245 | 0 | 0 |
_aCódigo de las leyes marítimas / _cAurelio Menéndez Menéndez, Juan Luis Iglesias Prada. |
| 260 |
_aMadrid : _b[Boletín Oficial del Estado], _c1980. |
||
| 300 |
_a2919 p. ; _c21 cm. |
||
| 500 | _aEdición cerrada el 1 de marzo de 1980. | ||
| 700 | 1 |
_aMenéndez Menéndez, Aurelio. _980305 |
|
| 700 | 1 |
_aIglesias Prada, Juan Luis. _965131 |
|
| 852 |
_aES-MaACL _jL-5609 _bR.106311 |
||
| 852 |
_aES-MaACL _jL-5610 _bR.106312 |
||
| 852 |
_aES-MaACL _jL-5611 _bR.106313 |
||
| 999 |
_c44795 _d44795 |
||